000 00367cam a2200169 4500
001 D13065
008 090401t1952 xxu||||| |||| 00| 0 eng d
035 _a(Sirsi) u7589
041 _aeng
110 _aISVA
_91406
245 _aExemptions from rating
260 _aLondon
_bISVA
_c1952
350 _a0
520 _aShelf 117
942 _n0
948 _c04/03/1997
999 _c86425
_d86425